00872nam a2200181 a 450000100100000000500170001000800410002704000250006808200150009311000970010824501140020526000520031930000310037170000390040295201130044195201190055499900170067300002704620200930030552.0110329s1983 dr d 000 0 spa d aDO-SdBNPbspacBNPHU axxxbR426g1 aRepública DominicanabSecretaría de Estado de Agriculturabdepartamento de café95413910aGuía de exportación del café en la República Dominicana /cpresentación Efraín Camilo González. aSanto Domingo :bDepartemento de café,c1983. a90 p. :bdiagrs. ;c28 cm.1 aGonzález, Efraín Camilo954140 0010718PDaPDbPDcCTd2011-04-18iLF1l0oxxx R426gp27046-20r2020-06-25w2020-06-25yLFPDZNo se presta 0010718PDaPDbPDcCTd2011-05-06iLF1l0oxxx R426gp27046-30r2020-06-25te. 2w2020-06-25yLFPDZNo se presta c26538d26538